00516 2200193 4500001002100000005001500021008004100036020002200077035001900099041000700118082001000125090001600135100002700151245004900178260003300227300003000260500001000290650002200300INLIS00000000000347320241224112729241224||||||||| | ||| |||| || |  a978-602-191-319-2 0010-1224003473 aid0 a634.6 a634.6 SIT t0 aSitiatava Rizema Putra00aRahasia-Rahasia Keajaiban Kulit Buah Manggis aJogjakartabDiva Pressc2012 a115 hlm. : ilus, ; 20 cm. aCet.1 0aIlmu Keterampilan